| 000 | 00801nam a2200253 a 4500 | ||
|---|---|---|---|
| 001 | BRL_441 | ||
| 005 | 20190320210737.0 | ||
| 008 | 130813s1960----sp-a######---#000-0#spa-# | ||
| 041 | _aspa | ||
| 044 | _asp | ||
| 050 | 4 |
_aCB301 _b.E66 1960 |
|
| 245 | 1 | 0 |
_aLa Epopeya del Hombre _cdirección general de Jerome S. Hardy ; editor Norman P. Ross ; versión española de Juan Godo Costa. |
| 260 |
_aBarcelona, España _bEditorial Luis Miracle _c1960 |
||
| 300 |
_a305 p. _bil. _c36 cm. |
||
| 500 | _aAu487 | ||
| 500 | _aIncluye índice de nombres. | ||
| 500 | _aTraducción de: ´The epic of man´ | ||
| 650 | 1 | 4 |
_aCivilización antigua _923368 |
| 700 | 1 |
_aS. Hardy, Jerome _923922 |
|
| 700 | 1 |
_aP. Ross, Norman _eed. _923923 |
|
| 700 | 1 |
_aGodo Costa, Juan. _923924 |
|
| 902 | _aGRL | ||
| 942 |
_2lcc _cB |
||
| 999 |
_c9253 _d9253 |
||